• 首页
  • 本馆介绍
  • 公告通知
  • 最新文献
  • 馆藏检索
  • 电子资源
  • 读者导购
  • 参考咨询
  • 我的图书馆
  • 登录
  • 详细信息显示
  • 放入我的书架
  • 预约/预借图书
  • 作者相关作品
  • 分类相关作品
  • 丛书相关作品
  • 出版社相关作品

书目信息

  • 表格格式
  • 工作单格式
  • 卡片格式
题名:
怎样绘制幻灯片
    
 
作者: ;解放军南京部队政治部电影工作站 编
分册:  
出版信息: 上海   上海人民美术出版社  1974
页数: 25页
开本: 19cm
丛书名: 工农兵美术技法丛书
单 册:
中图分类: J981
科图分类:
主题词: 幻灯绘制
电子资源:
ISBN: 8081.5621
000 00803oam2 2200253 450
001 0178003253
005 20100712215415.0
010    @a8081.5621@dCNY0.16
091    @a8081.5621
100    @a19950801e19781974em y0chiy0110 ea
101 0  @achi
102    @aCN@b310000
105    @af z 000yy
106    @ar
200 1  @a怎样绘制幻灯片@9Zen Yang Hui Zhi Huan Deng Pian @f中国人民解放军南京部队政治部电影工作站编
210    @a上海@c上海人民美术出版社@d1974@h1978重印
215    @a25页@c图@d19cm
225 2  @a工农兵美术技法丛书
461  0 @12001 @a工农兵美术技法丛书
606 0  @a幻灯绘制
690    @aJ981@v3
711 02 @a解放军南京部队政治部电影工作站@9jie fang jun nan jing bu dui zheng zhi bu dian ying gong zuo zhan@4编
801  0 @aCN@bAzMarc@c20130904
905    @aBZT@dJ981@e1@f1@sJ981/1
    
    怎样绘制幻灯片/中国人民解放军南京部队政治部电影工作站编.-上海:上海人民美术出版社,1974(1978重印)
    25页:图;19cm.-(工农兵美术技法丛书)
    
    
    ISBN 8081.5621:CNY0.16
    
●
相关链接 在五车中查询图书 在当当中查询图书 在豆瓣中查询图书


正题名:怎样绘制幻灯片     索取号:J981/1         预约/预借

序号 登录号 条形码 馆藏地/架位号 状态 备注
1 2000107828   2000107828   旧书回溯/ [索取号:J981/1] 在馆    
山东省滨州职业学院图书馆 欢迎您!
大连网信软件有限公司© 版权所有